| 000 | | | 04005cbm0a2200265#x 450 |
| 001 | | | 6f1fc725-4d84-4e04-99f5-f983434d9a76 |
| 005 | | | 20230413161121.0 |
| 100 | ## | $a | 20230410j19420921k###0rusy50 ca |
| 101 | 0# | $a | rus |
| 102 | ## | $a | RU |
| 122 | 0# | $a | d19420921## |
| 200 | 1# | $a | Отчет по обороне Одессы за период с 20 августа по 15 октября 1941 г., с приложением |
| | $j | 21 сентября 1942 г. |
| 251 | ## | $c | Документ |
| 300 | ## | $a | Подлинник |
| 461 | #0 | $1 | 2001 |
| | $a | Ф. 2133 |
| | $1 | 251 |
| | $c | Фонд |
| | $1 | 852 |
| | $j | 2133 |
| 462 | #0 | $1 | 2001 |
| | $a | Оп. 38 |
| | $1 | 251 |
| | $c | Опись |
| | $1 | 852 |
| | $j | 38 |
| 605 | ## | $2 | prlib_sh |
| | $3 | LIBNET\UAF\0000088514 |
| | $a | Вторая мировая война в архивных документах (Комплекс оцифрованных архивных документов, кино- и фотоматериалов) |
| | $l | коллекция |
| 606 | 1# | $2 | nlr_sh |
| | $3 | RU\NLR\AUTH\661398676 |
| | $a | Великая Отечественная война |
| | $z | 1941 - 1945 |
| | $x | Первый период |
| | $j | Документы и материалы |
| 607 | ## | $2 | nlr_sh |
| | $3 | RU\NLR\AUTH\66181427 |
| | $a | Одесса, город (Украина) |
| | $x | Оборона |
| | $z | 1941 |
| | $j | Документы и материалы |
| 686 | ## | $a | 63.3(2)622,11ю11 |
| | $v | LBC/M |
| | $2 | rubbk |
| 801 | #0 | $a | RU |
| | $b | ПБ им. Б.Н. Ельцина |
| | $c | 20230410 |
| 801 | #1 | $a | RU |
| | $b | ПБ им. Б.Н. Ельцина |
| | $c | 20230410 |
| | $2 | rusmarc |
| 801 | #2 | $a | RU |
| | $b | ПБ им. Б.Н. Ельцина |
| | $c | 20230413 |
| | $2 | rusmarc |
| 850 | ## | $a | Центральный архив Министерства обороны Российской Федерации |
| 852 | ## | $a | ЦА МО РФ |
| | $j | Д. 23. Л. 1-133; Д. 25. Л. 3-5, 7, 16-18, 20, 32, 33 |
| 035 | ## | $a | LIBNET\0001321858 |
| 937 | ## | $d | 184676473 |
| | $h | Федеральное архивное агентство |
| 856 | 4# | $u | http://readingroom.main.prlib.ru/item.aspx?id_node=n184676473&mode=full |